000 00556cas a22001935a 4500
001 L140139
008 070906d18961958xxkar p 0 a0eng u
035 _a(Sirsi) u140139
041 0 _aeng
110 2 _aAuctioneers' and Estate Agents' Institute of the United Kingdom
_93789
245 0 0 _aPresidential Adresses
260 _aLondon
_bCouncil of the Institute
_c1896-1958
362 0 _aNovember 1897-August 1958
362 0 _aNovember 1897-October 1910
554 _aOne per year
651 4 _aUnited Kingdom
_y
690 _aPROPERTY
942 _n0
999 _c119143
_d119143